Kierkegaard's The concept of dread = De Kierkegaard El concepto de miedo /
Shranjeno v:
| Glavni avtor: | |
|---|---|
| Format: | Neznan |
| Jezik: | English |
| Izdano: |
Princeton :
Princeton University Press,
1973.
|
| Teme: | |
| Oznake: |
Označite
Brez oznak, prvi označite!
|
MARC
| LEADER | 000000000a22000000004500 | ||
|---|---|---|---|
| 001 | 013301 | ||
| 020 | |a 0691019517 | ||
| 041 | 0 | |a eng | |
| 082 | 0 | 4 | |a 216 |b L921c |
| 100 | 1 | |a Kierkegaard, Sren, |d 1813-1855. | |
| 245 | 1 | 0 | |a Kierkegaard's The concept of dread = |b De Kierkegaard El concepto de miedo / |c Soren Kierkegaard. |
| 246 | 3 | 1 | |a De Kierkegaard El concepto de miedo |
| 260 | 1 | |a Princeton : |b Princeton University Press, |c 1973. | |
| 300 | |a 154 páginas | ||
| 650 | 4 | |a PECADO ORIGINAL | |
| 650 | 4 | |a PSICOLOGIA | |
| 650 | 4 | |a RELIGION | |
| 650 | 4 | |a ANSIEDAD | |
| 500 | |a Colección George Yúdice | ||
| 999 | |c 19231 |d 19231 | ||
| 942 | |c BK |h 216 L921c |2 z | ||



